Grab Bag III Quiz Stats

 Plays Quiz Updated Nov 17, 2017

Score 0/47 Timer 06:00
1 Play Today
Answer % Correct
Brown Bear
93.2%
Black Bear
89.6%
Asiatic Black Bear
89.5%
Polar Bear
86.2%
Fergie
80.5%
George W. Bush
77.2%
George H.W. Bush
77.2%
Germany
73.2%
Frontal
70%
Italy
68.4%
will.i.am
66.4%
Japan
64.4%
Giant Panda
56.9%
Good Will Hunting
55.7%
Smoking
48.7%
Gerald Ford
46.4%
Cyclops
45.6%
William Taft
44%
Drinking
42.9%
Professor X
42.1%
James K. Polk
38%
Cape Town (legislative)
36.8%
Hungary
30.5%
Marvel Girl
29.8%
Answer % Correct
Occipital
29.6%
Temporal
27.5%
Beast
26.4%
Dogma
26.3%
Pretoria (executive)
23.5%
Parietal
22.7%
Romania
18.7%
Bulgaria
16.5%
Sun Bear
14.4%
Iceman
14.2%
Sniffing Glue
13.9%
Yugoslavia
12.1%
Angel
9.9%
Taboo
9%
Slovakia
6.9%
Chasing Amy
6.8%
Croatia
6.6%
apl.de.ap
5.9%
Bloemfontein (judicial)
5.8%
Sloth Bear
5.8%
Spectacled Bear
5.6%
Amphetamines
4.9%
School Ties
2.6%

You're not logged in!

Compare scores with friends on all Sporcle quizzes.
OR
Log In

Sporcle TV

Today on Sporcle TV


Watch our educational content, quiz creation guides, and fun videos on Sporcle TV.

Show Comments

Extras

Top Quizzes Today


Score Distribution

Your Account Isn't Verified!

In order to create a playlist on Sporcle, you need to verify the email address you used during registration. Go to your Sporcle Settings to finish the process.

Report this User

Report this user for behavior that violates our Community Guidelines.

Details: